000 00862cam a22002897a 4500
003 CHAP
005 20220329140732.0
008 971013s1971 r 00010 d
010 _a56772
011 _a57744
035 _a61899
040 _cCHAP
082 _a301.24
_bS2 1971
100 0 0 _aSchramm, Wilbur.
_9103166
245 1 4 _aThe process and efects of mass communication
250 _aRev. ed.
260 _aUrbana :
_bUniversity of Illinois,
_c1971
300 _a997 p.
590 _aBATCH-UPD
_b10
_c20130110
_lUCH01
_h0439
590 _aBATCH-UPD
_b10
_c20130410
_lUCH01
_h0114
590 _aBATCH-UPD
_b10
_c20130914
_lUCH01
_h1023
590 _aCONVERSION
_b10
_c20130109
_lUCH01
_h1331
650 1 4 _aComunicación de masas.
_926210
901 _aBK
942 _cLIBRO
949 _a301.24 S2 1971
_bBC
_cLIBRO
_d33724000291969
_eLIBRO
_h29767
_i61899
_si
999 _c56772
_d56772